| 000 | 00312nam a22001217a 4500 | ||
|---|---|---|---|
| 008 | 230807b |||||||| |||| 00| 0 eng d | ||
| 050 | _aPZ4.D137G4 | ||
| 100 |
_aDalby, Lisa _952344 |
||
| 245 |
_aGeisha _cLisa, Dalby |
||
| 260 |
_aLondon _bVintage _c1988 |
||
| 300 |
_axx, ; 357p. _c28cm. |
||
| 942 |
_2lcc _cMONOGRAPH |
||
| 999 |
_c131750 _d131750 |
||